000 01950nam a22001577a 4500
041 _aukr
080 _a09
090 _bБЕР
100 _aБернацький В. В.
245 _aЛексико-стилістичні особливості текстів пісенного жанру американської групи "The Linking Park"
260 _aОстрог
_bКАФ
_c2007
300 _a51
520 _aВступ Розділ 1 Загальна лексико-стилістична характеристика текстів малого жанру 1.1 Стильові особливості текстів малого жанру 1.2 Лексичні особливості текстів малого жанру 1.3 Пісня як форма комунікації Розділ 2 Прагмакомунікативний аспект текстів пісень американської групи "The Linking Park" 2.2 Особливості функціонування нейтральних лексичних одиниць у текстах пісень групи "The Linking Park" 2.3 Вживання повторів як показника емотивності в текстах пісень групи "The Linking Park" 2.4 Автокомунікація як складова комунікативного статусу пісні Розділ 3 Лексичні синоніми як засіб виразності в ліриці американської групи "The Linking Park" 3.1 Лексична синонімія 3.2 Ідеографічні синоніми в ліричних творах 3.3 Еммоційно-експресивні синоніми в текстах пісень американської групи "The Linking Park" Висновки
_0тексти малого жанру, автокомунікація,
650 _aResearch Papers
999 _c284054
_d284054
942 _cBK